[Event "LSKs 6:e int. junior"]
[Site "Malmoe"]
[Date "2000.06.22"]
[Round "9"]
[White "Innab, Schass"]
[Black "Rasmussen, Allan Stig"]
[Result "1/2-1/2"]
[WhiteElo "1899"]
[BlackElo "2164"]
[PlyCount "88"]
[EventDate "2000.06.??"]
[Source "Martin Tretvold"]

1. e4 c6 2. Nc3 d5 3. Nf3 dxe4 4. Nxe4 Nd7 5. Bc4 Ngf6 6. Nxf6+ Nxf6 7. d4 Bf5
8. O-O e6 9. c3 Bd6 10. Bg5 h6 11. Bh4 O-O 12. Ne5 Qc7 13. f4 Nd5 14. Bxd5 cxd5
15. Bg3 b5 16. a3 a5 17. Nd3 Rab8 18. Rc1 Qa7 19. b4 axb4 20. axb4 f6 21. Nc5
Qf7 22. Qd2 Ra8 23. Ra1 g5 24. Ra6 Rxa6 25. Nxa6 Ra8 26. Nc5 Ra3 27. Re1 Qc7
28. fxg5 Bxg3 29. hxg3 Qxg3 30. gxf6 Rxc3 31. Ra1 Rc2 32. Ra8+ Kf7 33. Ra7+ Kg6
34. Rg7+ Kxf6 35. Qxh6+ Bg6 36. Nd7+ Kf5 37. Qh3+ Qxh3 38. gxh3 Rc4 39. Ne5
Rxd4 40. Nxg6 Kf6 41. Rb7 Kxg6 42. Rxb5 Rd3 43. Kg2 e5 44. Rb8 Rd2+ 1/2-1/2

[Event "LSKs 6:e int. junior"]
[Site "Malmoe"]
[Date "2000.06.22"]
[Round "9"]
[White "Mansson, Lars"]
[Black "Olsson, Linus"]
[Result "1/2-1/2"]
[WhiteElo "2156"]
[BlackElo "2105"]
[PlyCount "39"]
[EventDate "2000.06.??"]
[Source "Martin Tretvold"]

1. e4 c5 2. Nf3 d6 3. Bb5+ Nd7 4. d4 Ngf6 5. Nc3 a6 6. Bxd7+ Nxd7 7. O-O cxd4
8. Qxd4 e6 9. Bg5 Qc7 10. Rad1 f6 11. Be3 Ne5 12. Nxe5 dxe5 13. Qd3 Bd7 14. Bb6
Qc8 15. Rd2 Be7 16. Rfd1 Bc6 17. Qe3 O-O 18. Bc5 Qc7 19. Bb6 Qc8 20. Bc5
1/2-1/2

[Event "LSKs 6:e int. junior"]
[Site "Malmoe"]
[Date "2000.06.22"]
[Round "9"]
[White "Kulesza, Mateusz"]
[Black "Janaszak, David"]
[Result "0-1"]
[WhiteElo "2140"]
[BlackElo "2119"]
[PlyCount "80"]
[EventDate "2000.06.??"]
[Source "Martin Tretvold"]

1. e4 c5 2. Nc3 Nc6 3. g3 g6 4. Bg2 Bg7 5. d3 d6 6. Be3 Nh6 7. h3 f5 8. Qd2 Nf7
9. Nge2 O-O 10. d4 cxd4 11. Nxd4 fxe4 12. Bxe4 Nce5 13. Qe2 e6 14. f4 Nc6 15.
Nxc6 bxc6 16. Bg2 Qa5 17. Qd2 Rb8 18. Nd1 Qc7 19. O-O Ba6 20. Re1 e5 21. c3
exf4 22. Bxf4 Ne5 23. Bxe5 Bxe5 24. Re3 Qb6 25. Kh1 Rf5 26. g4 Rf7 27. Rf3 Rbf8
28. Rxf7 Rxf7 29. Qe1 Qd8 30. Ne3 Bf4 31. Nc2 d5 32. Nd4 Qd7 33. Rd1 Bb7 34.
Nf3 Bc7 35. Qg1 Qd6 36. Re1 c5 37. Ng5 Re7 38. Rd1 Re2 39. Ne4 Rxe4 40. Bxe4
dxe4 0-1

[Event "LSKs 6:e int. junior"]
[Site "Malmoe"]
[Date "2000.06.22"]
[Round "9"]
[White "Mach, Petr"]
[Black "Wakeham, Daniel"]
[Result "1-0"]
[WhiteElo "2215"]
[BlackElo "2104"]
[PlyCount "77"]
[EventDate "2000.06.??"]
[Source "Martin Tretvold"]

1. e4 c6 2. c4 d5 3. cxd5 cxd5 4. exd5 Nf6 5. Qa4+ Nbd7 6. Nf3 g6 7. Nd4 Qc7 8.
Nc3 Bg7 9. Be2 O-O 10. Ndb5 Qb6 11. d3 Nc5 12. Qa3 Ng4 13. O-O a6 14. d4 axb5
15. Qxc5 Bxd4 16. Qxb6 Bxb6 17. Bxb5 Rd8 18. Bg5 f6 19. Bf4 g5 20. Bg3 f5 21.
h3 f4 22. Bh2 Nf6 23. Rfe1 Kf8 24. Rad1 Ba5 25. Bc4 Bf5 26. Re5 Bxc3 27. bxc3
e6 28. d6 Ne4 29. Bxe6 Bxe6 30. Rxe6 Nxc3 31. Rde1 Nxa2 32. h4 Re8 33. hxg5 Nc3
34. Bxf4 Rxe6 35. Rxe6 Re8 36. d7 Rd8 37. Bd6+ Kf7 38. Re7+ Kg6 39. Bc7 1-0

[Event "LSKs 6:e int. junior"]
[Site "Malmoe"]
[Date "2000.06.22"]
[Round "9"]
[White "Stopa, Jacek"]
[Black "Rosell, Tomas"]
[Result "0-1"]
[WhiteElo "2084"]
[BlackElo "1968"]
[PlyCount "50"]
[EventDate "2000.06.??"]
[Source "Martin Tretvold"]

1. e4 c5 2. Nc3 Nc6 3. g3 g6 4. Bg2 Bg7 5. d3 d6 6. Be3 e5 7. Qd2 Be6 8. f4 Qd7
9. h3 h6 10. fxe5 Nxe5 11. Nge2 g5 12. O-O-O Ne7 13. Kb1 O-O-O 14. Nd5 Nxd5 15.
exd5 Bf5 16. g4 Bg6 17. Qa5 Kb8 18. Ng3 Rhe8 19. Rhe1 Nxg4 20. hxg4 Qxg4 21.
Bf2 Qd4 22. Qd2 Be5 23. Rg1 Bxg3 24. Bf1 Bh5 25. Re1 Rxe1+ 0-1

[Event "LSKs 6:e int. junior"]
[Site "Malmoe"]
[Date "2000.06.22"]
[Round "9"]
[White "Debowiak, Marcin"]
[Black "Kyndel Pedersen, Christian"]
[Result "1-0"]
[WhiteElo "2114"]
[BlackElo "2089"]
[PlyCount "57"]
[EventDate "2000.06.??"]
[Source "Martin Tretvold"]

1. e4 c5 2. c3 d5 3. exd5 Qxd5 4. d4 Nc6 5. Nf3 Bg4 6. Be2 e6 7. h3 Bh5 8. c4
Qd7 9. d5 Bxf3 10. Bxf3 Nd4 11. Be3 e5 12. O-O Bd6 13. Nc3 f5 14. Bxd4 cxd4 15.
Nb5 Ne7 16. Re1 b6 17. Bh5+ g6 18. f4 e4 19. Nxd6+ Qxd6 20. Qxd4 O-O 21. Bd1
Qxf4 22. d6 Rad8 23. c5 Kf7 24. Bb3+ Ke8 25. Qa4+ Rd7 26. Be6 Nc6 27. Qxc6 Rff7
28. Bxf7+ Kd8 29. Qa8# 1-0

[Event "LSKs 6:e int. junior"]
[Site "Malmoe"]
[Date "2000.06.22"]
[Round "9"]
[White "Stehno, Pavel"]
[Black "Siegbahn, Patrick"]
[Result "1-0"]
[WhiteElo "2103"]
[BlackElo "2067"]
[PlyCount "97"]
[EventDate "2000.06.??"]
[Source "Martin Tretvold"]

1. e4 c5 2. Nf3 Nc6 3. d4 cxd4 4. Nxd4 g6 5. c4 Nf6 6. Nc3 Nxd4 7. Qxd4 d6 8.
Be2 Bg7 9. Be3 O-O 10. Qd2 Be6 11. Rc1 Qa5 12. f3 Rfc8 13. b3 a6 14. a4 Nd7 15.
Na2 Qxd2+ 16. Kxd2 Nc5 17. Rb1 b5 18. a5 bxc4 19. Bxc4 Rab8 20. Bxe6 fxe6 21.
Rhc1 Nd7 22. Rxc8+ Rxc8 23. Rc1 Rxc1 24. Kxc1 d5 25. Ba7 Nf6 26. Nb4 dxe4 27.
fxe4 Nxe4 28. Nxa6 Kf7 29. Bb6 Be5 30. Nb4 Nd6 31. g3 Nc8 32. Nc6 Bd6 33. Be3
Bc7 34. Kd2 Ke8 35. a6 Bb6 36. a7 Bxe3+ 37. Kxe3 Nb6 38. Kd4 Kd7 39. Kc5 Kc7
40. Nxe7 Nd7+ 41. Kb5 Kb7 42. a8=Q+ Kxa8 43. Kc6 Ne5+ 44. Kc7 Nd3 45. Nc6 e5
46. b4 e4 47. b5 e3 48. b6 Nc5 49. Nd4 1-0

[Event "LSKs 6:e int. junior"]
[Site "Malmoe"]
[Date "2000.06.22"]
[Round "9"]
[White "Pirklova, Hana"]
[Black "Cherkasova, Marina"]
[Result "1/2-1/2"]
[WhiteElo "2076"]
[BlackElo "2133"]
[PlyCount "69"]
[EventDate "2000.06.??"]
[Source "Martin Tretvold"]

1. e4 c5 2. Nf3 Nc6 3. d4 cxd4 4. Nxd4 e5 5. Nb5 d6 6. N1c3 a6 7. Na3 b5 8. Nd5
Nce7 9. c4 Nxd5 10. Qxd5 Be6 11. Qd1 b4 12. Nc2 a5 13. Be2 Be7 14. O-O Nf6 15.
f3 O-O 16. Ne3 Nd7 17. Nf5 Nb6 18. b3 Bxf5 19. exf5 d5 20. cxd5 Nxd5 21. Bc4
Qb6+ 22. Kh1 Nc3 23. Qe1 Bf6 24. a4 Rfe8 25. Be3 Qc7 26. Qg3 Qd7 27. Qg4 e4 28.
Bg5 Qe7 29. Bxf6 Qxf6 30. fxe4 Rxe4 31. Qf3 Rae8 32. Qf2 h6 33. Rae1 Rxe1 34.
Rxe1 Rxe1+ 35. Qxe1 1/2-1/2

[Event "LSKs 6:e int. junior"]
[Site "Malmoe"]
[Date "2000.06.22"]
[Round "9"]
[White "Stopa, Pawel"]
[Black "Cherkasova, Evgenia"]
[Result "0-1"]
[WhiteElo "1700"]
[BlackElo "2046"]
[PlyCount "44"]
[EventDate "2000.06.??"]
[Source "Martin Tretvold"]

1. e4 e5 2. Nf3 Nc6 3. Nc3 Nf6 4. d3 Be7 5. Be3 O-O 6. g3 d6 7. Bg2 Bg4 8. O-O
h6 9. Qd2 Re8 10. Nd5 Bf8 11. c4 Nxd5 12. cxd5 Ne7 13. Rac1 Qd7 14. Rc3 c6 15.
dxc6 Nxc6 16. Rfc1 Be6 17. a3 d5 18. b4 d4 19. R3c2 dxe3 20. Qxe3 Bg4 21. b5
Nd4 22. Rc5 Bxc5 0-1

[Event "LSKs 6:e int. junior"]
[Site "Malmoe"]
[Date "2000.06.22"]
[Round "9"]
[White "Laksman, Efraim"]
[Black "Stahlberg, Adam"]
[Result "1/2-1/2"]
[WhiteElo "2121"]
[BlackElo "1857"]
[PlyCount "60"]
[EventDate "2000.06.??"]
[Source "Martin Tretvold"]

1. e4 c6 2. d4 d5 3. exd5 cxd5 4. Nf3 Nf6 5. Bd3 Nc6 6. c3 Bg4 7. Nbd2 e6 8.
O-O Bd6 9. Qb3 Qc7 10. h3 Bh5 11. Re1 O-O 12. Qc2 Rac8 13. Qb1 Bf4 14. Kh1 Rfe8
15. Ng1 e5 16. dxe5 Nxe5 17. Bf5 Rcd8 18. Nf1 Nc4 19. Bxf4 Qxf4 20. Qc2 Nd6 21.
Ng3 Nde4 22. Bxe4 Nxe4 23. Nxe4 dxe4 24. Re3 Bg6 25. Rf1 Qd6 26. Qb3 Qa6 27.
Rd1 Rxd1 28. Qxd1 Qb6 29. Qc2 Rd8 30. Ne2 Qc7 1/2-1/2

[Event "LSKs 6:e int. junior"]
[Site "Malmoe"]
[Date "2000.06.22"]
[Round "9"]
[White "Tretvold, Martin"]
[Black "Stahlberg, David"]
[Result "1/2-1/2"]
[WhiteElo "1745"]
[BlackElo "1845"]
[PlyCount "46"]
[EventDate "2000.06.??"]
[Source "Martin Tretvold"]

1. e4 e6 2. d4 d5 3. Nc3 Bb4 4. e5 c5 5. Bd2 cxd4 6. Nb5 Be7 7. Qg4 Kf8 8. Nf3
Nc6 9. Nbxd4 Qb6 10. Nb3 h5 11. Qf4 Nh6 12. Bd3 Ng4 13. O-O Qc7 14. Rae1 Ke8
15. h3 Nh6 16. Qg3 Kf8 17. Nh2 a5 18. Bc3 a4 19. Nd4 Nxd4 20. Bxd4 b6 21. Qf3
Kg8 22. c4 Bb7 23. Qe3 dxc4 1/2-1/2